000 00414nam a2200133Ia 4500
005 20260326100033.0
008 260326s9999||||xx |||||||||||||| ||und||
100 _aIndustrial Designers Society of America
245 0 _aDesign Secrets :
_b Products - 50 real Life projects uncovered /
_cIndustrial Designers Society of America
260 _bRockport
300 _a208 p.
650 _aDISEÑO INDUSTRIAL
942 _cBK
999 _c6669
_d6669